| 000 | 00535nam a22001937a 4500 | ||
|---|---|---|---|
| 003 | NUST - PNEC | ||
| 005 | 20170116180823.0 | ||
| 008 | 150625b xxu||||| |||| 00| 0 eng d | ||
| 020 | _a0201534673 | ||
| 040 | _cLIBRARY | ||
| 082 | _a512.02 FRA | ||
| 100 |
_94206 _aFraleigh, John B. |
||
| 245 |
_aA first course in abstract algebra _cJohn B. Fraleigh |
||
| 250 | _a5th ed | ||
| 260 |
_aNew York _bAddison-Wesley publishing Company _cc1994. |
||
| 300 | _a556 p. : | ||
| 650 |
_94208 _aAlgebra, Abstract _xGeneral |
||
| 942 |
_2ddc _cBK |
||
| 999 |
_c63792 _d63792 |
||